000 00661nam a2200169 a 4500
005 20140414132107.0
008 100902s19uu xx 00 eng d
050 _aM 797.5
_bW58 2008
100 _aWhittall, Noel
245 _aHang-gliding and paragliding /
_cby Noel Whittall.
260 _a[Pleasantville, NY] :
_bGareth Stevens Pub,
_cc2008.
440 _aUltimate thrill sports
500 _aContents: Introduction -- Gear and fashion -- Waves -- Moves and styles -- The future of surfing -- People and events. Includes index.
650 _aHang-gliding
_x Juvenile literature.
650 _aParagliding
_xJuvenile literature
999 _c114627
_d114627